[Event "Minsk op"]
[Site "Minsk"]
[Date "2023.11.07"]
[Round "5"]
[White "Maslau, Ivan"]
[Black "Vitsiuk, Anton"]
[Result "0-1"]
[WhiteElo "1334"]
[BlackElo "1614"]
[PlyCount "122"]
[EventDate "2023.11.03"]
[EventType "swiss"]
[EventRounds "9"]
[EventCountry "BLR"]
[SourceTitle "CB46_2023"]
[SourceDate "2023.11.15"]
[SourceVersion "1"]
[SourceVersionDate "2023.11.15"]
[SourceQuality "1"]

1. e4 c5 2. Nf3 d6 3. d4 cxd4 4. Qxd4 Nc6 5. Bb5 Bd7 6. Bxc6 Bxc6 7. c4 Nf6 8. Nc3 g6 9. 0-0 Bg7 10. Qd3 0-0 11. Bg5 Rc8 12. Rad1 Nd7 13. Nd5 Bxd5 14. Qxd5 Nb6 15. Qxb7 Rc7 16. Qa6 Nxc4 17. b3 Nb6 18. Nd4 Qd7 19. Be3 Rb8 20. Nb5 Rcb7 21. a4 h5 22. Rc1 h4 23. h3 Kh7 24. Rfd1 Bf6 25. Rc2 Qe6 26. Bxb6 Qxb3 27. Rcc1 axb6 28. Na7 Rd7 29. Nc6 Rg8 30. e5 Bg5 31. Rb1 Qc2 32. Nd4 Qc8 33. Qxc8 Rxc8 34. Nf3 Bf4 35. e6 fxe6 36. Nxh4 e5 37. Rxb6 Ra7 38. Rb4 Rca8 39. Ra1 Bg5 40. g3 Bxh4 41. Rxh4+ Kg7 42. Rb4 Kf6 43. Kf1 d5 44. Ke2 Ra5 45. Kd3 e4+ 46. Kc3 Rc8+ 47. Kb3 Rca8 48. Re1 e6 49. Re3 Rc5 50. f3 Ke5 51. fxe4 d4 52. Rd3 Rd8 53. Rb5 Rxb5+ 54. axb5 Kxe4 55. Rd1 d3 56. Re1+ Kf3 57. Kc3 d2 58. Rd1 Ke2 59. Rxd2+ Rxd2 60. b6 Rd6 61. g4 Rxb6 0-1